| Tag |
First Indicator |
Second Indicator |
Subfields |
| LEADER |
00000cam a2200000Ii 4500 |
| 001 |
in00003778708 |
| 005 |
20170801144249.0 |
| 008 |
160408m20169999nyua 6 000 1 eng d |
| 035 |
|
|
|a (OCoLC)ocn971621141
|
| 035 |
|
|
|a (OCoLC)971621141
|z (OCoLC)917344460
|z (OCoLC)946481217
|z (OCoLC)949857825
|z (OCoLC)973755870
|
| 040 |
|
|
|a IEP
|b eng
|c IEP
|d TXA
|d BTCTA
|d YDXCP
|d IGA
|d IFK
|d OCLCQ
|d OCLCO
|d TXA
|d SHH
|d TXCVP
|d OJ4
|
| 019 |
|
|
|a 917344460
|a 946481217
|a 949857825
|a 973755870
|a 980560504
|a 980687236
|a 980960337
|
| 020 |
|
|
|a 9780785199502
|q (v. 1 ;
|q paperback)
|
| 020 |
|
|
|a 0785199500
|q (v. 1 ;
|q paperback)
|
| 020 |
|
|
|a 9780785195184
|q (v. 1 ;
|q hardcover)
|
| 020 |
|
|
|a 0785195181
|q (v. 1 ;
|q hardcover)
|
| 020 |
|
|
|a 9780785199519
|q (v. 2 ;
|q paperback)
|
| 020 |
|
|
|a 0785199519
|q (v. 2 ;
|q paperback)
|
| 020 |
|
|
|a 9780785195191
|q (v. 2 ;
|q hardcover)
|
| 020 |
|
|
|a 078519519X
|q (v. 2 ;
|q hardcover)
|
| 020 |
|
|
|a 9781302903015
|q (v. 3 ;
|q hardcover)
|
| 020 |
|
|
|a 1302903012
|q (v. 3 ;
|q hardcover)
|
| 020 |
|
|
|a 9781302906696
|q (v. 4 ;
|q hardcover)
|
| 020 |
|
|
|a 1302906690
|q (v. 4 ;
|q hardcover)
|
| 035 |
|
|
|a (OCoLC)971621141
|z (OCoLC)917344460
|z (OCoLC)946481217
|z (OCoLC)949857825
|z (OCoLC)973755870
|z (OCoLC)980560504
|z (OCoLC)980687236
|z (OCoLC)980960337
|
| 050 |
|
4 |
|a PN6728.G78
|b B47 2016
|
| 082 |
0 |
4 |
|a 741.5/973
|2 23
|
| 049 |
|
|
|a TXAM
|
| 100 |
1 |
|
|a Bendis, Brian Michael,
|e author.
|
| 245 |
1 |
0 |
|a Guardians of the galaxy.
|p New guard /
|c Brian Michael Bendis, writer ; Valerio Schiti, artist ; Richard Isanove, color artist ; VC's Cory Petit, letterer.
|
| 246 |
3 |
0 |
|a New guard
|
| 246 |
1 |
|
|i Title appears on item as:
|a Guardians of the galaxy
|
| 246 |
3 |
|
|a Marvel Guardians of the galaxy.
|p New guard
|
| 264 |
|
1 |
|a New York, NY :
|b Marvel Worldwide, Inc.,
|c [2016]-
|
| 264 |
|
4 |
|c ©2016
|
| 300 |
|
|
|a volumes :
|b chiefly color illustrations ;
|c 27 cm
|
| 336 |
|
|
|a text
|b txt
|2 rdacontent
|
| 336 |
|
|
|a still image
|b sti
|2 rdacontent
|
| 337 |
|
|
|a unmediated
|b n
|2 rdamedia
|
| 338 |
|
|
|a volume
|b nc
|2 rdacarrier
|
| 500 |
|
|
|a Spine title.
|
| 500 |
|
|
|a Volume 1. "Contains material originally published in magazine form as Guardians of the Galaxy #1-5."
|
| 500 |
|
|
|a Volume 2. "Contains material originally published in magazine form as Guardians of the Galaxy #6-10"
|
| 500 |
|
|
|a Volume 3. "Contains material originally published in magazine form as Guardians of the Galaxy #11-14 and Free comic book day 2015 (Civil War II) #1."
|
| 500 |
|
|
|a Volume 4. "Contains material originally published in magazine form as Guardians of the Galaxy #15-19."
|
| 521 |
8 |
|
|a Rated T.
|
| 520 |
|
|
|a Peter Quill has become the emperor of Spartax, and Rocket has become the Guardians' new team leader. Meanwhile, the newest threat to the galaxy is Yotat the Destroyer.
|
| 588 |
0 |
|
|a Volume 1.
|
| 505 |
0 |
0 |
|g v. 1.
|t Emperor Quill --
|g v. 2.
|t Wanted --
|g v. 3.
|t New Guard Civil War II --
|g v. 4.
|t Grounded
|
| 650 |
|
0 |
|a Superheroes
|v Comic books, strips, etc.
|
| 650 |
|
0 |
|a Good and evil
|v Comic books, strips, etc.
|
| 650 |
|
7 |
|a COMICS & GRAPHIC NOVELS
|x Superheroes.
|2 bisacsh
|
| 650 |
|
7 |
|a Good and evil.
|2 fast
|0 (OCoLC)fst00944894
|
| 650 |
|
7 |
|a Superheroes.
|2 fast
|0 (OCoLC)fst01765254
|
| 650 |
|
4 |
|a Good and evil
|v Comic books, strips, etc.
|
| 655 |
|
7 |
|a Comic books, strips, etc.
|2 fast
|0 (OCoLC)fst01423722
|
| 655 |
|
7 |
|a Comics (Graphic works)
|2 fast
|0 (OCoLC)fst01921613
|
| 655 |
|
7 |
|a Graphic novels.
|2 fast
|0 (OCoLC)fst01726630
|
| 655 |
|
7 |
|a Science fiction comics.
|2 fast
|0 (OCoLC)fst01921733
|
| 655 |
|
7 |
|a Superhero comics.
|2 lcgft
|
| 655 |
|
7 |
|a Science fiction comics.
|2 lcgft
|
| 655 |
|
7 |
|a Comics (Graphic works)
|2 lcgft
|
| 655 |
|
7 |
|a Graphic novels.
|2 lcgft
|
| 655 |
|
4 |
|a Science fiction comics.
|
| 655 |
|
4 |
|a Comics (Graphic works.)
|
| 700 |
1 |
|
|a Schiti, Valerio,
|e artist.
|
| 700 |
1 |
|
|a Isanove, Richard,
|e colorist.
|
| 700 |
1 |
|
|a Petit, Cory,
|e letterer.
|
| 948 |
|
|
|a cataloged
|b h
|c 2016/5/16
|d o
|e nbehmer
|f 2:31:06 pm
|
| 994 |
|
|
|a C0
|b TXA
|
| 999 |
f |
f |
|s 01309fbb-b946-34db-b7df-0942bb37f5ee
|i 7e354873-061d-397d-858f-213b1ee56d3b
|t 0
|
| 952 |
f |
f |
|p 14_day
|a Texas A&M University
|b College Station
|c Sterling C. Evans Library
|d Evans: Library Stacks
|t 0
|e PN6728.G78 B47 2016
|h Library of Congress classification
|i unmediated -- volume
|k v.1
|m A14843505943
|
| 952 |
f |
f |
|p normal
|a Texas A&M University
|b College Station
|c Sterling C. Evans Library
|d Evans: Library Stacks
|t 0
|e PN6728.G78 B47 2016
|h Library of Congress classification
|i unmediated -- volume
|k v.4
|m A14850219768
|
| 952 |
f |
f |
|p normal
|a Texas A&M University
|b College Station
|c Sterling C. Evans Library
|d Evans: Library Stacks
|t 0
|e PN6728.G78 B47 2016
|h Library of Congress classification
|i unmediated -- volume
|k v.3
|m A14813732592
|
| 952 |
f |
f |
|p normal
|a Texas A&M University
|b College Station
|c Sterling C. Evans Library
|d Evans: Library Stacks
|t 0
|e PN6728.G78 B47 2016
|h Library of Congress classification
|i unmediated -- volume
|k v.2
|m A14813736338
|
| 998 |
f |
f |
|a PN6728.G78 B47 2016
|s v.1-4
|t 0
|l Evans: Library Stacks
|